Slunci vstříc /

Hlavní autor: Švanda, Pavel, 1959-1981
Další autoři: Ondračka, Ivo, 1960-
Jazyk: Čeština
Vydáno: Brno : Ondračka, 2010
Vydání: Vyd. 1.
Témata:
Externí odkaz: Digitalizovaný dokument
Fyzický popis: 110 s. : il., portréty, faksim. ; 22 cm
Knihy
Uloženo v:
LEADER 02084nam a2200577 a 4500
001 nkc20102097374
003 CZ PrNK
005 20100824111542.0
007 ta
008 100420s2010 xr ach g 000 m cze
015 |a cnb002097374 
020 |a 978-80-254-7145-6  |q (váz.) 
035 |a (OCoLC)664091327 
040 |a BOA001  |b cze  |d ABA001 
045 |a x7x8 
072 7 |a 821.162.3  |x Česká literatura  |2 Konspekt  |9 25 
080 |a 821.162.3-051  |2 MRF 
080 |a 821.162.3-3  |2 MRF 
080 |a 316.64  |2 MRF 
080 |a (0:82-3)  |2 MRF 
080 |a (0:82-4)  |2 MRF 
080 |a (0:82-992)  |2 MRF 
080 |a (082.21)  |2 MRF 
100 1 |a Švanda, Pavel,  |d 1959-1981  |7 mzk2010587293  |4 aut 
245 1 0 |a Slunci vstříc /  |c Pavel Švanda ; výbor z pozůstalosti uspořádal Ivo Ondračka 
250 |a Vyd. 1. 
260 |a Brno :  |b Ondračka,  |c 2010 
300 |a 110 s. :  |b il., portréty, faksim. ;  |c 22 cm 
500 |a 1000 výt. 
600 1 7 |a Švanda, Pavel,  |d 1959-1981  |7 mzk2010587293  |2 czenas 
648 4 |a 1978-1981 
650 0 7 |a čeští spisovatelé  |7 ph128175  |y 20. století  |2 czenas 
650 0 7 |a názory a postoje  |7 ph137634  |2 czenas 
650 0 9 |a Czech authors  |y 20th century  |2 eczenas 
650 0 9 |a views and attitudes  |2 eczenas 
655 7 |a české prózy  |7 fd133972  |2 czenas 
655 7 |a úvahy  |7 fd134000  |2 czenas 
655 7 |a cestopisy  |7 fd131956  |2 czenas 
655 7 |a výbory  |7 fd133853  |2 czenas 
655 9 |a Czech prose  |2 eczenas 
655 9 |a essays  |2 eczenas 
655 9 |a books of travels  |2 eczenas 
655 9 |a selected works  |2 eczenas 
700 1 |a Ondračka, Ivo,  |d 1960-  |7 mzk2006353977  |4 edt  |4 waw 
856 4 1 |u http://www.digitalniknihovna.cz/mzk/uuid/uuid:b0710880-44fa-11e7-b56f-005056827e52  |y Digitalizovaný dokument  |x NDK 
910 2 |a BOA001  |b 2-1245.549 
990 |a BK 
995 |a 01 
991 |b 201008  |e b 
996 6 |b 2610442161  |c 2-1245.549  |l MZK  |r Sklad / do 1 hodiny  |n 2  |p p.v.  |w 001132105  |u 000010  |a 1  |e BOA001  |j MZK50  |s P 
996 7 |b 2610442162  |c 2-1245.549  |l MZK  |r Sklad / do 1 hodiny  |n 4  |p p.v.  |w 001132105  |u 000020  |a 1  |e BOA001  |j MZK50  |s A